| 000 | 00643nam a2200193 i 4500 | ||
|---|---|---|---|
| 001 | 50984 | ||
| 003 | ES-MaACL | ||
| 005 | 20230906162255.0 | ||
| 007 | t| | ||
| 008 | 030807s1979 sp ||||1| spa d | ||
| 100 | 1 |
_aChandra, Prakash. _937956 |
|
| 245 | 1 | 0 |
_aMétodos de biología molecular / _cpor Prakash Chandra y Walter Appel ; con prólogo Th. Wieland ; traducido del alemán por Manuel Ruiz Amil. |
| 260 |
_aZaragoza : _bAcribia, _c[1979] |
||
| 300 |
_a215 p. : _bil. ; _c24 cm. |
||
| 700 | 1 |
_aAppel, Walter. _922110 |
|
| 700 | 1 |
_aWieland, Th. _9116764 |
|
| 700 | 1 |
_aRuiz Amil, Manuel. _9100653 |
|
| 852 |
_aES-MaACL _jL-1942 _bR.102826 |
||
| 999 |
_c50984 _d50984 |
||